Un hombre vulgar : (Registro nro. 7353)

000 -CABECERA
campo de control de longitud fija 00757nam a2200253 u 4500
001 - NÚMERO DE CONTROL
campo de control 000059476
005 - FECHA Y HORA DE LA ÚLTIMA TRANSACCIÓN
campo de control 20200120223856.0
008 - DATOS DE LONGITUD FIJA--INFORMACIÓN GENERAL
campo de control de longitud fija 131021s2009 sp er 000 0 spa d
020 ## - NÚMERO INTERNACIONAL ESTÁNDAR DEL LIBRO
Número Internacional Estándar del Libro 9788496822771
041 0# - CÓDIGO DE LENGUA
Código de lengua del texto/banda sonora o título independiente spa
043 ## - CÓDIGO DE ÁREA GEOGRÁFICA
Código de área geográfica e-sp---
090 ## - LOCALMENTE ASIGNADO TIPO-LC NÚMERO DE CLASIFICACIÓN (OCLC); NÚMERO DE CLASIFICACIÓN LOCAL (RLIN)
Número de clasificación (OCLC) (R) ; Numero de clasificación, CALL (RLIN) (NR) AN
Número cutter local (OCLC) ; Número de libro/Signatura topográfica íntegra, CALL (RLIN) PALM
100 1# - ENTRADA PRINCIPAL--NOMBRE DE PERSONA
Nombre de persona Palol, Miquel de
245 10 - MENCIÓN DE TÍTULO
Título Un hombre vulgar :
Resto del título ejercicios sobre el punto de vista II : apólogo /
Mención de responsabilidad, etc. Miquel de Palol ; traducción de María Enguix Tercero.
250 ## - MENCIÓN DE EDICIÓN
Mención de edición 1a ed.
260 ## - PUBLICACIÓN, DISTRIBUCIÓN, ETC.
Lugar de publicación, distribución, etc. Madrid :
Nombre del editor, distribuidor, etc. 451 Editores,
Fecha de publicación, distribución, etc. 2009.
300 ## - DESCRIPCIÓN FÍSICA
Extensión 261 p.
490 #0 - MENCIÓN DE SERIE
Mención de serie 451.http://
650 14 - PUNTO DE ACCESO ADICIONAL DE MATERIA--TÉRMINO DE MATERIA
Término de materia o nombre geográfico como elemento de entrada Novela Europea
650 24 - PUNTO DE ACCESO ADICIONAL DE MATERIA--TÉRMINO DE MATERIA
Término de materia o nombre geográfico como elemento de entrada Desaparación en la literatura
650 24 - PUNTO DE ACCESO ADICIONAL DE MATERIA--TÉRMINO DE MATERIA
Término de materia o nombre geográfico como elemento de entrada Amor en la literatura
650 24 - PUNTO DE ACCESO ADICIONAL DE MATERIA--TÉRMINO DE MATERIA
Término de materia o nombre geográfico como elemento de entrada Tradición en la literatura
700 1# - PUNTO DE ACCESO ADICIONAL--NOMBRE DE PERSONA
Nombre de persona Enguix Tercero, Maria
Término indicativo de función/relación tr.
Existencias
Estado de retiro Estado de pérdida Fuente del sistema de clasificación o colocación Estado dañado No para préstamo Código de colección Localización permanente Ubicación/localización actual Fecha de adquisición Número de inventario Total de préstamos Signatura topográfica completa Código de barras Fecha visto por última vez Número de copia Precio válido a partir de Tipo de ítem Koha Nota pública
          Literatura Adulto Biblioteca Pública San Juan Bosco Biblioteca Pública San Juan Bosco 23/11/2020 102181   AN PALM MOS017286 23/11/2020 EJ 1 23/11/2020 Libro Literatura Quince dias

© Todos los derechos reservados para la Biblioteca Pública Municipal San Juan Bosco, 2020
Secretaria de Cultura de Mosquera
Carrera 3 N° 10 Esquina Centro Cultural Barrio El Carmén Teléfono: 8270830 Ext: 34
Funcionando con KOHA
Contacto: Biblioteca Pública Municipal San Juan Bosco/ bibliotecasanjuanbosco@mosquera-cundinamarca.gov.co
Mosquera, Cundinamarca